LIBRARY & INFORMATION CENTRE, KCAET, TAVANUR

ONLINE PUBLIC ACCESS CATALOGUE (OPAC)

Physical universe / (Record no. 10764)

MARC details
000 -LEADER
fixed length control field 00477cam a2200193ua 4500
041 ## - LANGUAGE CODE
Language code of text/sound track or separate title eng
082 ## - DEWEY DECIMAL CLASSIFICATION NUMBER
Classification number 523
Item number KRA/PH
100 ## - MAIN ENTRY--AUTHOR NAME
Personal name Krauskopf, Konard .
245 ## - TITLE STATEMENT
Title Physical universe /
250 ## - EDITION STATEMENT
Edition statement 1 /
260 ## - PUBLICATION, DISTRIBUTION, ETC. (IMPRINT)
Place of publication New York :
Name of publisher McGraw Hill Book Company ,
Year of publication 1960.
300 ## - PHYSICAL DESCRIPTION
Number of Pages 536 ; .
700 1# - ADDED ENTRY--PERSONAL NAME
Personal name Beiser, Arthur .
942 ## - ADDED ENTRY ELEMENTS (KOHA)
Koha item type Books
Holdings
Withdrawn status Lost status Damaged status Home library Current library Date acquired Full call number Accession Number Koha item type
      KAUAET KAUAET 07/04/2012 523 KRA/PH 4869 Books
free website counter